LIBRARY & INFORMATION CENTRE, KCAET, TAVANUR

ONLINE PUBLIC ACCESS CATALOGUE (OPAC)

Water and waste water engineering / (Record no. 5554)

MARC details
000 -LEADER
fixed length control field 00436cam a2200169ua 4500
041 ## - LANGUAGE CODE
Language code of text/sound track or separate title eng
082 ## - DEWEY DECIMAL CLASSIFICATION NUMBER
Classification number 628.11
Item number FAI/WA
100 ## - MAIN ENTRY--AUTHOR NAME
Personal name Fari, Gordon Maskew .
245 ## - TITLE STATEMENT
Title Water and waste water engineering /
250 ## - EDITION STATEMENT
Edition statement 1 /
260 ## - PUBLICATION, DISTRIBUTION, ETC. (IMPRINT)
Place of publication London :
Name of publisher John Wiley & Sons ,
Year of publication 1966.
300 ## - PHYSICAL DESCRIPTION
Number of Pages 376 ; .
700 1# - ADDED ENTRY--PERSONAL NAME
Personal name Geyer , John .
942 ## - ADDED ENTRY ELEMENTS (KOHA)
Koha item type Books
Holdings
Withdrawn status Lost status Damaged status Home library Current library Date acquired Full call number Accession Number Koha item type
      KAUAET KAUAET 20/08/1986 628.11 15412 Books
free website counter